Оценка точности определения электромагнитного момента колебательного электропривода на базе МДП; Следящие электроприводы промышленных установок, роботов и манипуляторов

Bibliografiske detaljer
Parent link:Следящие электроприводы промышленных установок, роботов и манипуляторов.— 1989.— С. 23
Hovedforfatter: Аристов А. В. Анатолий Владимирович
Andre forfattere: Ткалич С. А., Шутов Е. А. Евгений Алексеевич
Summary:На основе аналитического решения математической модели колебательного электропривода на базе машины двойного питания определен закон изменения колебательного электромагнитного усилия при фазовой потенциальной модуляции питающих напряжений. Полученные формулы справедливы для инфранизкого диапазона работы при допущении в дифференциальных уравнениях электрического равновесия электромеханического преобразователя энергии постоянства обобщенной скорости подвижного элемента с учетом инерционной и демпфирующей составляющих нагрузки
В фонде НТБ ТПУ отсутствует
Sprog:russisk
Udgivet: 1989
Fag:
Format: MixedMaterials Book Chapter
KOHA link:https://koha.lib.tpu.ru/cgi-bin/koha/opac-detail.pl?biblionumber=597479

MARC

LEADER 00000naa0a2200000 4500
001 597479
005 20250206142753.0
035 |a (RuTPU)RU\TPU\tpu\20780 
090 |a 597479 
100 |a 20120221d1989 k y0rusy50 ca 
101 0 |a rus 
102 |a RU 
200 1 |a Оценка точности определения электромагнитного момента колебательного электропривода на базе МДП  |f А. В. Аристов, С. А. Ткалич, Е. А. Шутов 
330 |a На основе аналитического решения математической модели колебательного электропривода на базе машины двойного питания определен закон изменения колебательного электромагнитного усилия при фазовой потенциальной модуляции питающих напряжений. Полученные формулы справедливы для инфранизкого диапазона работы при допущении в дифференциальных уравнениях электрического равновесия электромеханического преобразователя энергии постоянства обобщенной скорости подвижного элемента с учетом инерционной и демпфирующей составляющих нагрузки 
333 |a В фонде НТБ ТПУ отсутствует 
463 |t Следящие электроприводы промышленных установок, роботов и манипуляторов  |o тезисы научно-технической конференции, Челябинск, 1989 г.  |v С. 23  |d 1989 
610 1 |a труды учёных ТПУ 
700 1 |a Аристов  |b А. В.  |c российский ученый, специалист в области электротехники  |c профессор Томского политехнического университета, доктор технических наук  |f 1952-  |g Анатолий Владимирович  |3 (RuTPU)RU\TPU\pers\25508 
701 1 |a Ткалич  |b С. А. 
701 1 |a Шутов  |b Е. А.  |c специалист в области электроэнергетики  |c доцент Томского политехнического университета, кандидат технических наук  |f 1963-  |g Евгений Алексеевич  |3 (RuTPU)RU\TPU\pers\26338  |4 070  |9 12091 
801 1 |a RU  |b 63413507  |c 20120221 
942 |c BK